000 01070nam a2200229Ia 4500
999 _c34583
_d34583
001 344
003 GE_BSU
005 20200128144436.0
008 181216s2004||||ge |||||||||||||| ||geo||
020 _a9994020803
040 _cGE_BSU
041 _ageo
080 _a330.8(075.8) თ-68
100 _aთოდუა, გრიგოლ
_9878
245 _aეკონომიკურ მოძღვრებათა ისტორია :
_bნ.1 /
_cგრიგოლ თოდუა ; რედ. ავთანდილ სილაგაძე.
264 _aთბილისი :
_bთბილისის უნივერსიტეტის გამომცემლობა,
_c2004.
300 _a623 გვ.;
_b20 სმ.
653 _aეკონომიკურ მოძღვრებათა ისტორიის სახელმძღვანელოები
653 _aეკონომიკა
700 _aსილაგაძე, ავთანდილ
_eრედაქტორი
_96432
942 _cBK
_2udc